000 00560nam a2200217Ia 4500
008 160319s9999 xx 000 0 und d
020 _a971-9122-00-5
050 _aFIL HF 5691
050 _b.D45 1999 c.2
100 _aDel Rosario, Asuncion C. Mercado
245 _aBusiness mathematics /
245 _cAsuncion C. Mercado Del Rosario.
260 _a[s.i.] :
260 _b[s.n.] :
260 _c1999
300 _a282 pages :
300 _billustrations ;
300 _c25 cm.
500 _aIncludes index.
650 _aBusiness mathematics.
999 _c291793
_d291793